MARC

LEADER 00000nas a2200000 i 4500
001 ssj0000866216
003 WaSeSS
005 20200512172242.0
006 m d
007 cr n
008 130206c20119999gw uu pss 0 a0eng
010 |a  2016207424  |z  2013204351  |z  2013204341 
022 |a 1869-8778  |y 1869-876X 
035 |a (WaSeSS)ssj0000866216 
040 |a DKU  |b eng  |c DKU  |d OCLCO  |d OCLCF  |d OCLCO  |d DLC  |d CUS  |d WaSeSS 
042 |a pcc 
050 0 0 |a TJ808 
130 0 |a Green (Walter De Gruyter & Co.) 
222 0 |a Green  |b (Internet) 
245 1 0 |a Green  |h [electronic resource]. 
260 |a Berlin :  |b De Gruyter 
362 1 |a Began with: V. 1 (2011). 
500 |a "The international journal of sustainable energy conversion and storage." 
506 |a License restrictions may limit access. 
515 |a Some issues are combined. 
538 |a Mode of access: World Wide Web. 
588 |a Description based on print version record. 
588 |a Latest issue consulted: Volume 5, issues 1-6 (Dec 2015) (De Gruyter Online, viewed July 14, 2016). 
650 0 |a Renewable energy sources  |v Periodicals. 
650 0 |a Energy conversion  |v Periodicals. 
650 7 |a Energy conversion.  |2 fast  |0 (OCoLC)fst00910026 
650 7 |a Renewable energy sources.  |2 fast  |0 (OCoLC)fst01094570 
655 0 |a Electronic journals. 
700 1 |a Stutzmann, M.  |q (Martin) 
776 0 8 |i Print version:  |t Green (Walter De Gruyter & Co.)  |x 1869-876X  |w (DLC) 2013204351  |w (OCoLC)826869677 
850 |a DLC 
856 4 0 |z Full text available from Research Library: 01/01/2013 to 01/31/2015  |u https://search.proquest.com/publication/2031347